| 000 | 00465nab a2200193 4500 | ||
|---|---|---|---|
| 001 | 5 | ||
| 003 | OSt | ||
| 005 | 20230602135137.0 | ||
| 007 | tu | ||
| 008 | |||||||||||| | ||
| 040 |
_aDE-2950 _cDE-2950 |
||
| 245 | 0 | 4 | _aHalbe Stadt - mehr als nur eine Straße! |
| 260 | _c2023 | ||
| 525 | _aEnthaltene Fotografien: Fotos | ||
| 653 | _aFrankfurt (Oder) | ||
| 653 | _aHalbe Stadt | ||
| 773 | 0 |
_g01/2023, 01.01. - 31.03. 2023, S. 9-11 _tWohnGut |
|
| 942 |
_2z _cA |
||
| 999 |
_c372517 _d372517 |
||